The giant's shadow
| Main Author: | |
|---|---|
| Format: | Book |
| Published: |
New York :
Random House ,
1988
|
| Subjects: |
MARC
| LEADER | 00000cam a2200000 7i4500 | ||
|---|---|---|---|
| 001 | 0000001008 | ||
| 002 | 000001117 | ||
| 005 | 20000330.0 | ||
| 020 | |a 0394565401 | ||
| 090 | 0 | 0 | |a F |b BON |
| 100 | 1 | |a Bontly, Thomas | |
| 245 | 1 | 4 | |a The giant's shadow |c Thomas Bontly |
| 260 | |a New York : |b Random House , |c 1988 | ||
| 300 | |a 300 p. ; |c 24 cm. | ||
| 650 | 0 | 0 | |a Thriller fiction |
| 999 | |a 030233 |b BUKU |c FICTION |e PERPUSTAKAAN KOMUNITI PETALING JAYA | ||
| 999 | |a 030234 |b BUKU |c PINJAMAN |e PERPUSTAKAAN KOMUNITI PETALING JAYA | ||